| 000 | 00793nam0a22002651 4500 | ||
|---|---|---|---|
| 001 | RU\INFOCOMM_322\NLR\5000166368 | ||
| 005 | 20250613110341.0 | ||
| 035 | _a(NLR Aleph) 009558322 | ||
| 090 |
_a9052349 _c9052349 |
||
| 100 | _a20130210d1921 |||y0rusy50 ca | ||
| 101 | 0 | _afre | |
| 102 | _aRU | ||
| 105 | _ay z ||||| | ||
| 200 | 1 |
_aLes syndicats en Russie Soviétiste _fA. Losovsky |
|
| 210 |
_aPétrograd _cÉd. du Consei international des syndicats _d1921 |
||
| 215 |
_a53 с. _d23 см |
||
| 620 | _aСанкт-Петербург | ||
| 686 |
_aИ4П54(база) _2rubbk |
||
| 700 | 1 |
_9z02790 _aLozovskij _bA. _f1878-1952 |
|
| 790 | 1 |
_9z02700 _aLosovsky _bA. _4070 |
|
| 801 | 1 |
_aRU _bInfocomm _c20130210 |
|
| 801 | 0 |
_aRU _bINFOCOMM _gPSBO |
|
| 852 |
_aNLR _j26.21.4.158 |
||
| 942 | _cBOOK | ||
| 980 | _aNB | ||